Germany 1st Graders Quiz - Statistics

General Stats
  • This quiz has been taken 133 times
  • The average score is 13 of 18
Answer Stats
Question Tile Select % Correct
Which is bratwurst? No
98%
Which is Germany? No
97%
Which is bratwurst? Yes
97%
Which is bratwurst? No
95%
Which is a pretzel? Yes
95%
Which is a pretzel? No
95%
Which is the German flag? Yes
95%
Which is the German flag? No
95%
Which is the German flag? No
95%
Which is Germany? No
93%
Which is a pretzel? No
93%
Which is Germany? Yes
92%
Which best represents how you feel about the presentation? Yes
32%
Which best represents how you feel about the presentation? Yes
30%
Which best represents how you feel about the presentation? Yes
25%
Which best represents how you feel about the presentation? Yes
25%
Which best represents how you feel about the presentation? Yes
20%
Which best represents how you feel about the presentation? Yes
10%
No matching quizzes found
Score Distribution
Percent of People with Each Score
Percentile by Number Answered
Your Score History
You have not taken this quiz